000 00516nam a2200157Ia 4500
008 160316s2012 xxu||||| |||| 00| 0 eng d
082 _a341.522000
_bMOS
100 _aMoses Margaret L
245 _aThe principles and practice of international commercial arbitration
250 _a2nd
260 _aCambridge
_bCambridge University Press
_c2012
300 _a372p
_b
_cxvii
365 _b Rs. 2,047
650 _a1. International Law - Commercial Arbitration 2. International Commercial Arbitration
700 _a
_a
999 _c31325
_d31325